00672nam a2200217 i 450000100060000000300090000600500170001500700030003200800410003502000180007604000220009408000160011610000170013224500820014926000430023130000220027449000430029665000400033983000420037985200330042115260ES-MaACL20250824210222.0t|000210s1999 sp ||||0| spa j a84-206-6722-6 aM-BN bspa cM-BN a342.25(460)1 aAja, Eliseo.13aEl estado autonómico b: federalismo y hechos diferenciales / cEliseo Aja. aMadrid : bAlianza Editorial, c[1999] a293 p. ; c20 cm.1 aEl libro universitario. Ensayo ; v103 aEspaña-xComunidades autónomas.03aEl libro universitario (Alianza)v103 aES-MaACLjL-22664 bR.127832